000 00728nam a2200217 i 4500
001 146362
003 ES-MaACL
005 20250930063126.0
007 t|
008 070907s1960 sp ||||1| spa d
080 _a624.0(04)
100 1 _aTorroja, Eduardo,
_d1847-1918
_9111056
245 1 0 _aRazón y ser de los tipos estructurales /
_cEduardo Torroja.
250 _a[3ª ed.].
260 _a[Madrid :
_bInstituto Eduardo Torroja de la Construcción y del Cemento,
_c1960]
300 _a403 p. ;
_c27 cm.
650 4 _aEstructuras (Construcción)-
_xCálculo
_912570
710 2 _aInstituto Técnico de la Construcción y del Cemento.
_95241
852 _aES-MaACL
_jE-7462
_bR.91702
999 _c146362
_d146362